| 000 | 00544nam a2200181Ia 4500 | ||
|---|---|---|---|
| 008 | 090124s9999 xx 000 0 und d | ||
| 082 | _b32546 | ||
| 100 | _aभालेराव अनंत | ||
| 245 | _a मांदियाळी | ||
| 250 | _a0 | ||
| 260 |
_bमौज प्रकाशन गृह _c1994 |
||
| 300 | _a32+182 | ||
| 600 | _aभालेराव अनंत | ||
| 630 | _a मांदियाळी | ||
| 700 | _aभालेराव अनंत | ||
| 730 | _a मांदियाळी | ||
| 942 | _cBOOK | ||
| 999 |
_c98543 _d98543 |
||